| 000 | 00560nam a2200205 a 4500 | ||
|---|---|---|---|
| 001 | 87 | ||
| 003 | CDMR | ||
| 005 | 20131031122145.0 | ||
| 008 | 130130s1987||||||||||||||||||||||||||||d | ||
| 020 | _a8433931172 | ||
| 040 |
_aCDMR _bcat _cCDMR |
||
| 100 | 1 |
_aCapote, Truman _985 |
|
| 245 | 1 | 2 |
_aA sangre fría _cTruman Capote ; traducción de Fernández Rodríguez |
| 260 |
_aBarcelona _c1987 _bAnagrama |
||
| 300 | _a315 p. | ||
| 490 | 0 |
_aPanorama de Narrativas _v117 |
|
| 490 | 0 | _aBiblioteca Truman Capote | |
| 650 | 0 | 4 |
_9797 _aReportatges literaris |
| 942 |
_cMON _2udc |
||
| 999 |
_c87 _d87 |
||